Countries in their native language(s) - Statistics

General Stats
  • This quiz has been taken 3,214 times
    3,194 since last reset
  • The average score is 17 of 24
Answer Stats
Hint Answer % Correct
Makedonija Macedonia
96%
Norge Norway
96%
Kypros Cyprus
94%
République Centrafricaine Central African Republic
89%
Ísland Iceland
89%
Österreich Austria
88%
Tchad/Tšād Chad
86%
Hellas Greece
84%
Lietuva Lithuania
83%
Éire Ireland
81%
Nippon/Nihon Japan
80%
Suomi Finland
79%
Magyarország Hungary
73%
Česko Czech Republic
72%
Eesti Estonia
71%
Hrvatska Croatia
69%
Iritriya Eritrea
66%
Kampuchea Cambodia
65%
Ayiti Haiti
61%
Al-Jazā'ir Algeria
56%
Misr/Masr Egypt
53%
Aotearoa New Zealand
47%
Crna Gora Montenegro
41%
Hayastán Armenia
25%
No matching quizzes found
Score Distribution
Percent of People with Each Score
Percentile by Number Answered
Your Score History
You have not taken this quiz since the last reset